[Event "BELFORT YWCC Girls under 16"]
[Site "Belfort (90)"]
[Date "2005.??.??"]
[EventDate "?"]
[Round "3.2"]
[Result "1-0"]
[White "Valentina Gunina"]
[Black "Anastasia Gavrilova"]
[WhiteElo "2394"]
[BlackElo "2082"]
[PlyCount "77"]

1. d4 Nf6 2. c4 c5 3. d5 b5 4. cxb5 g6 5. Nc3 a6 6. bxa6 Bxa6
7. g3 d6 8. Nf3 Bg7 9. e4 Bxf1 10. Kxf1 Nbd7 11. Kg2 O-O
12. h3 Ra6 13. Nd2 Nb6 14. Qe2 Qa8 15. Nc4 Nxc4 16. Qxc4 Rb8
17. Rb1 Nd7 18. Bg5 Kf8 19. Qe2 Rab6 20. Qd2 Ne5 21. b3 Qa5
22. Na4 Qxd2 23. Bxd2 Rb5 24. Bc3 R5b7 25. Nb2 c4 26. Bxe5
Bxe5 27. Nxc4 Bf6 28. Rhc1 Ra8 29. a4 Rb4 30. a5 Bd4 31. Na3
Bc5 32. Nc2 Rxe4 33. b4 Ba7 34. b5 Bc5 35. b6 Ra4 36. Nb4 Rb8
37. Ra1 Ra8 38. Rh1 Ke8 39. Na6 1-0

[Event "37th Chess Olympiad: Women"]
[Site "Turin ITA"]
[Date "2006.05.23"]
[EventDate "2006.05.21"]
[Round "3"]
[Result "0-1"]
[White "Anastasia Gavrilova"]
[Black "Beverly Mendoza"]
[WhiteElo "2098"]
[BlackElo "2132"]
[PlyCount "50"]

1. c4 e5 2. Nc3 Nc6 3. g3 f5 4. Bg2 Nf6 5. e3 e4 6. f3 Bb4
7. Qc2 Bxc3 8. Qxc3 Qe7 9. Ne2 Ne5 10. Nd4 d6 11. f4 Nd3+
12. Kf1 c5 13. Nc2 Be6 14. Ne1 Nxe1 15. Kxe1 O-O 16. b3 d5
17. Bb2 Rfd8 18. Ba3 dxc4 19. bxc4 Rac8 20. Bf1 Bf7 21. Be2
Qe8 22. Bb2 Bh5 23. Bxh5 Qxh5 24. Qe5 Re8 25. Qd6 Rc6 0-1

[Event "37th Chess Olympiad: Women"]
[Site "Turin ITA"]
[Date "2006.05.24"]
[EventDate "2006.05.21"]
[Round "4"]
[Result "1-0"]
[White "Marmono Roslina"]
[Black "Anastasia Gavrilova"]
[WhiteElo "1976"]
[BlackElo "2098"]
[PlyCount "63"]

1. d4 Nf6 2. c4 c5 3. d5 b5 4. cxb5 a6 5. bxa6 Bxa6 6. Nc3 d6
7. Nf3 Nbd7 8. e4 Bxf1 9. Kxf1 g6 10. g3 Bg7 11. Kg2 O-O
12. h3 Ra6 13. Re1 Qa8 14. Re2 e6 15. a3 exd5 16. Nxd5 Nxd5
17. exd5 Rb8 18. Ng5 Nb6 19. Kh2 Qxd5 20. Qe1 Be5 21. Ne4 Kg7
22. Nc3 Qd4 23. Re4 Bxg3+ 24. fxg3 Qf6 25. Bf4 Rd8 26. Qd2 Qf5
27. Rae1 Raa8 28. Bh6+ Kg8 29. Qe3 Qc8 30. Re7 Nd7 31. Qf4 f6
32. Qc4+ 1-0

[Event "37th Chess Olympiad: Women"]
[Site "Turin ITA"]
[Date "2006.05.25"]
[EventDate "2006.05.21"]
[Round "5"]
[Result "1-0"]
[White "Anastasia Gavrilova"]
[Black "Natiska Martinez"]
[WhiteElo "2098"]
[BlackElo "2050"]
[PlyCount "45"]

1. c4 e5 2. Nc3 Nc6 3. g3 g6 4. Bg2 Bg7 5. d3 Nf6 6. e4 O-O
7. Nge2 d6 8. O-O Be6 9. f4 Qc8 10. Nd5 Qd7 11. fxe5 Ne8
12. Nf6+ Nxf6 13. exf6 Bh8 14. Bg5 Ne5 15. Qd2 c6 16. b3 Qd8
17. d4 Ng4 18. Qf4 h6 19. Bh4 g5 20. Bxg5 hxg5 21. Qxg5+ Kh7
22. e5 dxe5 23. Be4+ 1-0

[Event "37th Chess Olympiad: Women"]
[Site "Turin ITA"]
[Date "2006.05.27"]
[EventDate "2006.05.21"]
[Round "6"]
[Result "1-0"]
[White "Anastasia Gavrilova"]
[Black "Fidan Aghasiyeva"]
[WhiteElo "2098"]
[BlackElo "2088"]
[PlyCount "53"]

1. e4 e6 2. d3 d5 3. Nd2 Nf6 4. Ngf3 dxe4 5. dxe4 Bc5 6. h3
Nc6 7. Bb5 Bd7 8. Qe2 Qe7 9. Bxc6 Bxc6 10. Ne5 Bd7 11. O-O
O-O-O 12. Nb3 Bb6 13. a4 a6 14. Be3 Bxe3 15. Qxe3 Kb8 16. Nc5
Ka8 17. b4 Be8 18. Rfb1 Nd7 19. Nexd7 Bxd7 20. b5 a5 21. b6
Rc8 22. Nxb7 c5 23. Nxa5 Kb8 24. Nc4 e5 25. a5 Rc6 26. a6 Bc8
27. b7 1-0

[Event "37th Chess Olympiad: Women"]
[Site "Turin ITA"]
[Date "2006.05.28"]
[EventDate "2006.05.21"]
[Round "7"]
[Result "0-1"]
[White "Nelly Massiel Estrada Gaspar"]
[Black "Anastasia Gavrilova"]
[WhiteElo "2029"]
[BlackElo "2098"]
[PlyCount "54"]

1. e4 c5 2. Nc3 d6 3. f4 Nc6 4. Nf3 g6 5. Bb5 Bd7 6. O-O Bg7
7. d3 Nd4 8. Bc4 e6 9. Nxd4 cxd4 10. Ne2 b5 11. Bb3 Ne7
12. Qe1 O-O 13. g4 f5 14. exf5 gxf5 15. Ng3 Qc8 16. Nh5 fxg4
17. Qh4 Nf5 18. Qxg4 Kh8 19. Rf2 Rg8 20. Qe2 Bh6+ 21. Rg2 Bc6
22. Rg4 Qb7 23. Nf6 Bf3 24. Qxe6 Rxg4+ 25. Nxg4 Bxg4 26. Kf2
Qf3+ 27. Ke1 Ne3 0-1

[Event "37th Chess Olympiad: Women"]
[Site "Turin ITA"]
[Date "2006.05.30"]
[EventDate "2006.05.21"]
[Round "9"]
[Result "1/2-1/2"]
[White "Elena Partac"]
[Black "Anastasia Gavrilova"]
[WhiteElo "2095"]
[BlackElo "2098"]
[PlyCount "61"]

1. e4 c5 2. Nf3 d6 3. d4 cxd4 4. Qxd4 Bd7 5. c4 Nf6 6. Nc3 g6
7. b3 Bg7 8. Bb2 O-O 9. Qd2 Na6 10. Bd3 Bc6 11. O-O Re8
12. Nd5 Bxd5 13. exd5 Nc5 14. Rfe1 a6 15. Re2 Qd7 16. Rae1 b5
17. Nd4 Nxd3 18. Qxd3 bxc4 19. bxc4 Rac8 20. Ba1 Qc7 21. Rc2
Nd7 22. Nc6 Nc5 23. Qf3 e5 24. dxe6 Nxe6 25. Bxg7 Nd4 26. Qc3
Rxe1+ 27. Qxe1 Nxc2 28. Ne7+ Kxg7 29. Qc3+ f6 30. Nxc8 Qxc8
31. Qxc2 1/2-1/2

[Event "37th Chess Olympiad: Women"]
[Site "Turin ITA"]
[Date "2006.06.02"]
[EventDate "2006.05.21"]
[Round "11"]
[Result "1-0"]
[White "Anastasia Gavrilova"]
[Black "Sigurlaug Regina Fridthjofsdottir"]
[WhiteElo "2098"]
[BlackElo "1876"]
[PlyCount "101"]

1. e4 e6 2. d3 d5 3. Nd2 c5 4. g3 Nc6 5. Bg2 Nf6 6. Ngf3 Be7
7. O-O b6 8. Re1 Bb7 9. e5 Nd7 10. Nf1 Qc7 11. Bf4 h6 12. h4
O-O-O 13. c3 Rdg8 14. h5 g5 15. hxg6 fxg6 16. d4 g5 17. Be3 g4
18. N3h2 h5 19. f3 gxf3 20. Bh3 Rg6 21. Nxf3 Ba6 22. Bf4 Qd8
23. Kh1 Qg8 24. Ne3 h4 25. g4 Qf8 26. Ng2 Kb7 27. a3 Nd8
28. b4 cxb4 29. axb4 Bb5 30. Qd2 Qg7 31. Rg1 Nf7 32. Qf2 Ng5
33. Nxg5 Bxg5 34. Bxg5 Rxg5 35. Qe3 Nf8 36. Ne1 Qe7 37. Nf3
Rgg8 38. g5 Ng6 39. Rg4 Rf8 40. Bf1 Bxf1 41. Rxf1 Qf7 42. Nd2
Qh7 43. Rf6 Qh5 44. Rg1 h3 45. Qf3 Qxf3+ 46. Nxf3 Rxf6
47. gxf6 Nf4 48. Rg7+ Ka6 49. f7 Rf8 50. Ng5 Ne2 51. Nxe6 1-0

[Event "European Team Chess Championships (Women)"]
[Site "Crete GRE"]
[Date "2007.10.29"]
[EventDate "2007.10.28"]
[Round "2"]
[Result "1/2-1/2"]
[White "Anastasia Gavrilova"]
[Black "Emilia Horn"]
[WhiteElo "2104"]
[BlackElo "2074"]
[PlyCount "69"]

1. e4 e5 2. Nf3 Nc6 3. d4 exd4 4. Nxd4 Nf6 5. Nc3 Bb4 6. Nxc6
bxc6 7. Bd3 O-O 8. O-O d5 9. exd5 cxd5 10. Bg5 c6 11. Qf3 Bd6
12. Bxf6 Qxf6 13. Qxf6 gxf6 14. Ne2 Rb8 15. b3 a5 16. c3 c5
17. f4 a4 18. bxa4 Bd7 19. Bb5 Bxb5 20. axb5 Rxb5 21. Rfd1 c4
22. a4 Ra5 23. g3 Rfa8 24. Kf2 Bc5+ 25. Kf3 Bb6 26. Rab1 Ba7
27. Rb5 Rxa4 28. Rbxd5 Kf8 29. Rd8+ Rxd8 30. Rxd8+ Ke7 31. Rc8
Kd7 32. Rf8 Ke7 33. Rc8 Kd7 34. Rf8 Ke7 35. Rc8 1/2-1/2

[Event "European Team Chess Championships (Women)"]
[Site "Crete GRE"]
[Date "2007.10.30"]
[EventDate "2007.10.28"]
[Round "3"]
[Result "1-0"]
[White "Sanja Misovic"]
[Black "Anastasia Gavrilova"]
[WhiteElo "1876"]
[BlackElo "2104"]
[PlyCount "101"]

1. d4 Nf6 2. c4 c5 3. d5 b5 4. cxb5 a6 5. b6 e6 6. Nc3 exd5
7. Nxd5 Nxd5 8. Qxd5 Nc6 9. Nf3 Rb8 10. e4 Be7 11. Bc4 O-O
12. O-O Rxb6 13. Qh5 d6 14. Ng5 Bxg5 15. Bxg5 Qc7 16. Bf4 Be6
17. Qxc5 dxc5 18. Bxc7 Rxb2 19. Bxe6 fxe6 20. Bd6 Rd8 21. Bxc5
Rdd2 22. a3 Rdc2 23. Rac1 Na5 24. Rxc2 Rxc2 25. Bb4 Nc4 26. h3
a5 27. Be7 Kf7 28. Bd8 Ke8 29. Rd1 Rc3 30. Rd4 Rxa3 31. Rxc4
Kxd8 32. Rc6 Ke7 33. Rc7+ Kf6 34. e5+ Kxe5 35. Rxg7 h6 36. Rh7
Rc3 37. Rxh6 a4 38. Rh5+ Kd6 39. Ra5 a3 40. h4 Ke7 41. h5 Kf6
42. g4 e5 43. Kg2 Rb3 44. h6 Kg6 45. Ra6+ Kg5 46. h7 Rb8
47. Rxa3 Rh8 48. Kg3 Rxh7 49. Ra5 Kf6 50. Ra6+ Kg5 51. Re6 1-0

[Event "European Team Chess Championships (Women)"]
[Site "Crete GRE"]
[Date "2007.11.01"]
[EventDate "2007.10.28"]
[Round "5"]
[Result "1/2-1/2"]
[White "Olga Vasiliev"]
[Black "Anastasia Gavrilova"]
[WhiteElo "2214"]
[BlackElo "2104"]
[PlyCount "144"]

1. e4 c6 2. d4 d5 3. Nc3 dxe4 4. Nxe4 Nd7 5. Nf3 Ngf6 6. Ned2
e6 7. g3 c5 8. c3 cxd4 9. cxd4 Bb4 10. Bg2 O-O 11. O-O Nb6
12. Nb3 Nbd5 13. Ne5 Bd7 14. Nxd7 Qxd7 15. a3 Be7 16. Nc5 Qc7
17. Nd3 Rac8 18. Be3 Qc2 19. Rc1 Qxd1 20. Rfxd1 Nd7 21. Kf1 g5
22. Ke2 Kg7 23. Bxd5 exd5 24. Nc5 Nb6 25. b3 Rb8 26. a4 Rfd8
27. Rc2 Kg6 28. Rdc1 Bd6 29. h4 h6 30. g4 Nd7 31. Nd3 Re8
32. Rh1 Nf6 33. Kf3 a6 34. h5+ Kg7 35. Nb2 Rbc8 36. Rxc8 Rxc8
37. Rc1 Re8 38. Rg1 Re4 39. Nd3 b6 40. Rc1 Nxg4 41. Rc6 Be7
42. Ne5 Nxe3 43. fxe3 f6 44. Ng4 Bd8 45. Rd6 Re8 46. Rxd5 a5
47. Rd7+ Be7 48. d5 f5 49. Ne5 Kf6 50. Nc4 Bc5 51. Rh7 g4+
52. Kg3 Bxe3 53. d6 Bg5 54. d7 Rd8 55. Nxb6 Ke6 56. Rg7 Kd6
57. Nc4+ Ke6 58. Nxa5 Rxd7 59. Rxd7 Kxd7 60. Nc4 Kc6 61. b4
Kd5 62. Nb2 Be7 63. b5 Bd6+ 64. Kf2 Kc5 65. Nd3+ Kc4 66. Ke3
g3 67. Ne1 Kb4 68. Kf3 Kxa4 69. Nc2 f4 70. Nd4 Ka5 71. Nf5 Bf8
72. Nd4 Bd6 1/2-1/2

[Event "European Team Chess Championships (Women)"]
[Site "Crete GRE"]
[Date "2007.11.03"]
[EventDate "2007.10.28"]
[Round "6"]
[Result "0-1"]
[White "Anastasia Gavrilova"]
[Black "Barbara Schink"]
[WhiteElo "2104"]
[BlackElo "2031"]
[PlyCount "122"]

1. e4 e5 2. Nf3 Nc6 3. d4 exd4 4. Nxd4 Bc5 5. Be3 Qf6 6. Nb5
Bxe3 7. fxe3 Qh4+ 8. g3 Qd8 9. Qg4 g6 10. Qf4 d6 11. Bc4 Ne5
12. O-O Bh3 13. Bxf7+ Kd7 14. N1c3 g5 15. Qf2 Nh6 16. Bc4 Rf8
17. Qe2 Rxf1+ 18. Rxf1 Bxf1 19. Kxf1 Qf6+ 20. Kg2 c6 21. Nd4
Rf8 22. Be6+ Kc7 23. Bf5 Rf7 24. h3 g4 25. hxg4 Nhxg4 26. Ne6+
Kb8 27. Nf4 Qg5 28. Nd1 h5 29. Qd2 Qe7 30. Nxh5 Rf8 31. Nf2
Nc4 32. Qd3 Ngxe3+ 33. Kg1 Nxf5 34. Qxc4 Ng7 35. Nf4 Re8
36. Kg2 Ne6 37. Ne2 Ng5 38. Nc3 Qf6 39. Qd3 Rf8 40. Ng4 Qe6
41. Nf2 Kc7 42. Qe3 Qf6 43. Ncd1 Qe5 44. Nc3 Rf3 45. Qxf3 Nxf3
46. Kxf3 Qf6+ 47. Ke2 Qg5 48. Nd3 Qxg3 49. a4 Qg4+ 50. Kd2
Qg5+ 51. Kd1 Qe3 52. Nb4 Kd7 53. Nd3 a6 54. a5 Qg1+ 55. Kd2
Qg5+ 56. Ke2 Qxa5 57. Ke3 Qg5+ 58. Ke2 Qg2+ 59. Nf2 b5
60. Ncd1 Qg5 61. Nd3 Qg4+ 0-1

[Event "European Team Chess Championships (Women)"]
[Site "Crete GRE"]
[Date "2007.11.06"]
[EventDate "2007.10.28"]
[Round "9"]
[Result "1-0"]
[White "Anastasia Gavrilova"]
[Black "Maria Fragaki"]
[WhiteElo "2104"]
[BlackElo "1922"]
[PlyCount "83"]

1. c4 Nf6 2. Nc3 e6 3. e4 d5 4. e5 d4 5. exf6 dxc3 6. bxc3
Qxf6 7. Nf3 c5 8. Bd3 Nc6 9. O-O Bd6 10. Re1 O-O 11. Be4 Ne5
12. Nxe5 Bxe5 13. Bxh7+ Kxh7 14. Qh5+ Kg8 15. Rxe5 g6 16. Qe2
b6 17. d3 Qg7 18. a4 Rd8 19. Re3 Bb7 20. Bd2 Qf6 21. a5 Kg7
22. Rb1 Bc6 23. Re5 Qe7 24. Bg5 Qc7 25. Bxd8 Qxd8 26. h3 Qc7
27. d4 cxd4 28. cxd4 Rh8 29. axb6 axb6 30. Qb2 Bd7 31. Qxb6
Qxc4 32. Qc5 Qxc5 33. dxc5 Rc8 34. Rc1 Kf6 35. Re3 Bc6 36. Kh2
Ke7 37. g4 Rd8 38. h4 Rd5 39. Ra3 f6 40. Rcc3 e5 41. Ra7+ Ke6
42. Rc7 1-0

[Event "Women's Olympiad"]
[Site "Dresden GER"]
[Date "2008.11.13"]
[EventDate "2008.11.13"]
[Round "1"]
[Result "0-1"]
[White "Anastasia Gavrilova"]
[Black "Ghate Swathi"]
[WhiteElo "2078"]
[BlackElo "2320"]
[PlyCount "154"]

1. c4 c5 2. Nc3 Nc6 3. Nf3 e5 4. g3 d6 5. Bg2 g6 6. d3 Bg7
7. Rb1 Nge7 8. O-O Rb8 9. a3 a6 10. b4 cxb4 11. axb4 b5
12. cxb5 axb5 13. e4 O-O 14. Be3 Nd4 15. Bxd4 exd4 16. Ne2 Qb6
17. Nf4 Bb7 18. Qb3 Rbc8 19. Rbc1 h6 20. h4 Rxc1 21. Rxc1 Rc8
22. Rxc8+ Bxc8 23. Qc2 Qc6 24. Qxc6 Nxc6 25. Nd5 Kf8 26. Kh2
Be6 27. Nc7 Bb3 28. Nxb5 Ke7 29. Ne1 Nxb4 30. f4 Nxd3 31. Nxd3
Bc4 32. Nxd4 Bxd4 33. Nb4 Kd7 34. g4 Bf2 35. Kh3 Ke6 36. Nd5
f5 37. gxf5+ gxf5 38. Nc3 Bd4 39. exf5+ Kxf5 40. Nd5 Bf2
41. Bf3 Bf1+ 42. Kh2 Bxh4 43. Ne3+ Kxf4 44. Nxf1 Kxf3 45. Nd2+
Kf4 46. Kg2 d5 47. Nf3 Be7 48. Kf2 Bc5+ 49. Kg2 h5 50. Ne1 Ke3
51. Nf3 Bd6 52. Nh4 Kf4 53. Nf3 Kg4 54. Nd4 h4 55. Nc6 h3+
56. Kh1 Kf3 57. Nd4+ Ke4 58. Nc6 Kd3 59. Nd8 Bc7 60. Ne6 Be5
61. Kg1 Ke2 62. Kh1 Kf1 63. Nf4 d4 64. Nd3 Bd6 65. Nc1 Ke1
66. Kg1 Kd1 67. Nd3 Kd2 68. Nf2 Ke2 69. Ne4 d3 70. Nc3+ Ke1
71. Ne4 Bf4 72. Kh1 Kf1 73. Ng3+ Kf2 74. Ne4+ Kf3 75. Nf2 d2
76. Nd1 Be5 77. Nf2 Bc3 0-1

[Event "Women's Olympiad"]
[Site "Dresden GER"]
[Date "2008.11.15"]
[EventDate "2008.11.13"]
[Round "3"]
[Result "1/2-1/2"]
[White "Anastasia Gavrilova"]
[Black "Afamia Mir Mahmoud"]
[WhiteElo "2078"]
[BlackElo "2024"]
[PlyCount "82"]

1. e4 c5 2. Nf3 e6 3. d3 Nc6 4. g3 g6 5. Bg2 Bg7 6. O-O Nge7
7. c3 O-O 8. d4 d6 9. dxc5 dxc5 10. Qc2 Qc7 11. Be3 b6 12. a4
Ba6 13. Rd1 Rad8 14. Na3 Rxd1+ 15. Rxd1 Rd8 16. Nb5 Bxb5
17. axb5 Ne5 18. Nxe5 Bxe5 19. f4 Bg7 20. Rd2 Nc8 21. e5 Ne7
22. Qd1 Rxd2 23. Qxd2 Nf5 24. Bf2 Bf8 25. g4 Nh6 26. Bf3 f5
27. exf6 Bd6 28. Be3 Kf7 29. f5 Ng8 30. fxe6+ Kxf6 31. Kh1 Ne7
32. Qe1 g5 33. h4 h6 34. hxg5+ hxg5 35. c4 Ng6 36. Qd2 Bf4
37. Qd7 Qxd7 38. exd7 Ke7 39. Bxf4 Nxf4 40. Be4 Kxd7 41. Kg1
Ke8 1/2-1/2

[Event "Women's Olympiad"]
[Site "Dresden GER"]
[Date "2008.11.17"]
[EventDate "2008.11.13"]
[Round "5"]
[Result "1-0"]
[White "Anastasia Gavrilova"]
[Black "Iin Dwijayanti Kadek"]
[WhiteElo "2078"]
[BlackElo "1859"]
[PlyCount "163"]

1. c4 c6 2. e4 d5 3. exd5 cxd5 4. d4 Nf6 5. Nc3 e6 6. Nf3 Nc6
7. Bd3 Be7 8. O-O O-O 9. Re1 Nb4 10. Bf1 dxc4 11. Bxc4 a6
12. a3 Nc6 13. Bg5 h6 14. Bh4 b5 15. Ba2 Bb7 16. Rc1 Rc8
17. Bb1 Re8 18. Qd3 Kf8 19. Rcd1 Nd5 20. Bxe7+ Ncxe7 21. Ne5
Nxc3 22. bxc3 Qd5 23. f3 Nf5 24. Qd2 Qd6 25. Be4 Qc7 26. a4
Nd6 27. axb5 axb5 28. Bxb7 Nxb7 29. Rc1 Nd6 30. Qd3 Kg8 31. f4
Red8 32. Re3 Nf5 33. Ree1 Nd6 34. Qf3 Ra8 35. Ra1 Rac8
36. Rec1 Qb6 37. Nd3 Nf5 38. Nc5 Ne7 39. Ra6 Qc7 40. Rb1 Rb8
41. g3 Nd5 42. Rba1 b4 43. Ra7 Qc6 44. R1a6 Qe8 45. c4 Nf6
46. Nb3 Rdc8 47. Rb7 Rxb7 48. Qxb7 Rb8 49. Qf3 Qc8 50. Qc6
Qxc6 51. Rxc6 Kf8 52. Rc7 Ke8 53. Kf1 Ne4 54. Ke2 Nd6 55. Kd3
h5 56. Ra7 h4 57. Ra4 h3 58. g4 f6 59. c5 Nf7 60. Ra7 Kf8
61. Kc4 Nh6 62. g5 fxg5 63. fxg5 Ng4 64. Ra2 Kf7 65. c6 Ke7
66. Kc5 Rc8 67. Ra7+ Kf8 68. Kd6 Nxh2 69. c7 Nf1 70. Ra1 Ng3
71. Ra2 Ke8 72. Rh2 Ne4+ 73. Kc6 Ke7 74. Rxh3 Nxg5 75. Rg3 Nf7
76. Rxg7 Kf8 77. Rg6 Ke7 78. Nc5 e5 79. Re6+ Kf8 80. Kd7 Rxc7+
81. Kxc7 exd4 82. Re4 1-0

[Event "Women's Olympiad"]
[Site "Dresden GER"]
[Date "2008.11.19"]
[EventDate "2008.11.13"]
[Round "6"]
[Result "1/2-1/2"]
[White "Anastasia Gavrilova"]
[Black "Bich Ngoc Dang"]
[WhiteElo "2078"]
[BlackElo "2112"]
[PlyCount "75"]

1. c4 c5 2. Nc3 Nf6 3. g3 g6 4. Bg2 Bg7 5. Nf3 Nc6 6. O-O O-O
7. d4 cxd4 8. Nxd4 Nxd4 9. Qxd4 d6 10. Rd1 a6 11. Qh4 Qc7
12. Bg5 Be6 13. Rac1 Rfc8 14. b3 Re8 15. Na4 Rad8 16. h3 Qb8
17. c5 dxc5 18. Nxc5 Bc8 19. Bf4 Qa7 20. Rxd8 Rxd8 21. Bc7 Re8
22. Qb4 Bh6 23. e3 e6 24. Bxb7 Nd5 25. Bxd5 exd5 26. Bb6 Qb8
27. Kh2 d4 28. Ba5 Qxb4 29. Bxb4 dxe3 30. Re1 f5 31. Kg2 Kf7
32. f4 Bg7 33. Kf3 Bd4 34. Rd1 Bb2 35. Re1 Bd4 36. Rd1 Bf6
37. Re1 Bd4 38. Rd1 1/2-1/2

[Event "Women's Olympiad"]
[Site "Dresden GER"]
[Date "2008.11.20"]
[EventDate "2008.11.13"]
[Round "7"]
[Result "1/2-1/2"]
[White "Elena Maksimova"]
[Black "Anastasia Gavrilova"]
[WhiteElo "2129"]
[BlackElo "2078"]
[PlyCount "118"]

1. e4 c5 2. Nc3 d6 3. Nf3 Nf6 4. d4 cxd4 5. Nxd4 e6 6. Bc4 Be7
7. Be3 O-O 8. Qe2 d5 9. exd5 exd5 10. Bb3 Bb4 11. O-O Bxc3
12. bxc3 Nc6 13. Bg5 Bg4 14. Qb5 Qd6 15. Bxf6 Qxf6 16. Qxb7
Nxd4 17. cxd4 Qxd4 18. Qxd5 Qxd5 19. Bxd5 Rac8 20. c4 Be2
21. Rfc1 Rc5 22. Rc3 Rfc8 23. Rac1 Bg4 24. Re1 Kf8 25. Ra3 a5
26. h3 Bd7 27. Rf3 f6 28. Rfe3 Bc6 29. Be6 Rd8 30. R1e2 Be8
31. Rb2 Rc7 32. Rb6 Bf7 33. Bxf7 Kxf7 34. Ra6 Rd1+ 35. Kh2 Rc1
36. Rxa5 R1xc4 37. Rea3 Rc2 38. Ra7 Rxa7 39. Rxa7+ Kg6 40. Kg3
Rc1 41. h4 h5 42. Rd7 Rc3+ 43. f3 Rc2 44. a3 Ra2 45. Rd3 Kf5
46. Rd5+ Kg6 47. Ra5 Kh6 48. f4 Ra1 49. Kf2 Ra2+ 50. Kf3 Ra1
51. Ra8 Kg6 52. Ra5 Kh6 53. f5 Kh7 54. a4 Ra3+ 55. Kf4 Ra1
56. Ra8 Rf1+ 57. Ke4 Re1+ 58. Kf4 Rf1+ 59. Ke4 Re1+ 1/2-1/2

[Event "Women's Olympiad"]
[Site "Dresden GER"]
[Date "2008.11.22"]
[EventDate "2008.11.13"]
[Round "9"]
[Result "1-0"]
[White "Anastasia Gavrilova"]
[Black "Carla Heredia Serrano"]
[WhiteElo "2078"]
[BlackElo "2105"]
[PlyCount "79"]

1. c4 Nf6 2. Nc3 g6 3. g3 Bg7 4. Bg2 O-O 5. e4 c5 6. Nge2 Nc6
7. O-O d6 8. d3 a6 9. h3 Rb8 10. a4 Ne8 11. Be3 Nd4 12. Rb1
Nc7 13. f4 b5 14. axb5 axb5 15. cxb5 Ncxb5 16. Kh2 Nxe2
17. Nxe2 Nd4 18. Nxd4 cxd4 19. Bd2 Qb6 20. b4 Ba6 21. Qb3 Qb5
22. Rf3 e6 23. f5 exf5 24. exf5 Bb7 25. f6 Bd5 26. fxg7 Bxb3
27. gxf8=Q+ Rxf8 28. Rxb3 Qa4 29. Rb2 Kg7 30. Bf4 Qa3 31. Rb1
Qa2 32. Rbf1 f6 33. Bxd6 Rf7 34. Rxf6 Rxf6 35. Be5 Qe2
36. Bxf6+ Kh6 37. b5 Qxd3 38. b6 Qc4 39. b7 Qb4 40. Bxd4 1-0

[Event "Women's Olympiad"]
[Site "Dresden GER"]
[Date "2008.11.23"]
[EventDate "2008.11.13"]
[Round "10"]
[Result "1/2-1/2"]
[White "Zaida Hernandez"]
[Black "Anastasia Gavrilova"]
[WhiteElo "2039"]
[BlackElo "2078"]
[PlyCount "117"]

1. e4 c6 2. d4 d5 3. Nc3 dxe4 4. Nxe4 Nd7 5. Nf3 Ngf6 6. Ng3
e6 7. Bc4 Nb6 8. Bb3 c5 9. c3 cxd4 10. cxd4 Bb4+ 11. Bd2 Bxd2+
12. Qxd2 O-O 13. O-O Bd7 14. Rac1 Rc8 15. Rfd1 Qe7 16. Qa5
Rxc1 17. Rxc1 Nc8 18. Qg5 h6 19. Qh4 Bc6 20. Ne5 Bd5 21. Bxd5
Nxd5 22. Qg4 Nd6 23. h3 Qg5 24. Qxg5 hxg5 25. Kf1 Rd8 26. Rc5
f6 27. Nf3 Kf7 28. a3 Rd7 29. Rc2 Rc7 30. Rc5 b6 31. Rxc7+
Nxc7 32. Ke2 Nc4 33. Ne4 Nxb2 34. Nd6+ Kg6 35. Nc8 Nc4 36. a4
Nb2 37. Nxa7 Nxa4 38. Kd3 Nb2+ 39. Kc2 Nc4 40. Kd3 Nd6 41. Nc6
Nd5 42. g3 Nf7 43. Nd2 Kh5 44. Nc4 g4 45. h4 g5 46. hxg5 Nxg5
47. Ne3 Nxe3 48. Kxe3 b5 49. Kf4 Nh3+ 50. Ke3 Kg6 51. f3 gxf3
52. Kxf3 Kf5 53. Ne7+ Kg5 54. Kg2 Kg4 55. d5 exd5 56. Nxd5 Ng5
57. Nxf6+ Kf5 58. Nd5 Ke5 59. Nb4 1/2-1/2

[Event "World Champions Simultaneous Exhibition"]
[Site "Zurich"]
[Date "2009.08.22"]
[EventDate "?"]
[Round "?"]
[Result "1/2-1/2"]
[White "Vladimir Kramnik"]
[Black "Anastasia Gavrilova"]
[WhiteElo "2759"]
[BlackElo "2082"]
[PlyCount "65"]

1.d4 Nf6 2.c4 c5 3.d5 b5 4.Nf3 e6 5.dxe6 fxe6 6.cxb5 d5 7.g3
Bb7 8.Bh3 Qb6 9.O-O Be7 10.Ng5 Bc8 11.Nc3 O-O 12.Bf4 h6 13.Na4
Qxb5 14.Nxe6 Na6 15.Nxf8 Bxh3 16.Ng6 Re8 17.Nc3 Qb7 18.Qb3 Qa8
19.f3 Bxf1 20.Rxf1 Bd8 21.Rd1 c4 22.Qb5 Bb6+ 23.Kf1 Qc8
24.Rxd5 Nxd5 25.Qxd5+ Qe6 26.Ne5 g5 27.Ng4 Qxd5 28.Nxd5 gxf4
29.Ngf6+ Kf7 30.Nxe8 Kxe8 31.gxf4 Bd4 32.b3 cxb3 33.axb3
1/2-1/2